Bilecik Bilecik Bilecik Bilecik Bilecik

Dünyada ve Türkiye'de üniversite/ (Record no. 59927)

MARC details
000 -BAŞLIK
Sabit Uzunluktaki Kontrol Alanı 01601nam a22003377a 4500
001 - KONTROL NUMARASI
Control Dosyası 0060123
003 - KONTROL NUMARASI KİMLİĞİ
Kontrol Alanı KOHA_MİRAKIL
005 - EN SON İŞLEM TARİHİ ve ZAMANI
Kontrol Alanı 20260207004251.0
007 - FİZİKSEL TANIM SABİT ALAN - GENEL BİLGİ
Sabit uzunluklu kontrol alanı ta
008 - SABİT UZUNLUKTAKİ VERİ ÖGELERİ - GENEL BİLGİ
Sabit Alan 170411b2016 tu a|||gr||||#||||0|tur |
020 ## - ISBN - ULUSLARARASI STANDART KİTAP NUMARASI
Isbn 9786059945127
040 ## - KATALOGLAMA KAYNAĞI
Özgün Kataloglama Kurumu TR-BiSEU
Kataloglama Dili tur
Çeviri Kurumu TR-BiSEU
Açıklama Kuralları rda
041 0# - DİL KODU
Metin ya da ses kaydının dil kodu tur
044 ## - YAYINLAYAN/ÜRETEN KURULUŞUN ÜLKE KODU
ISO country code tu
050 ## - SINIFLAMA ve YER NUMARASI
Sınıflama Numarası LB2325
Yer Numarası .D86 2017
245 1# - ESER ADI BİLDİRİMİ
Başlık Dünyada ve Türkiye'de üniversite/
Sorumluluk Bildirimi Editörler Necmettin Tozlu, Vefa Taşdelen, Mehmet Önal.
264 #1 - ÜRERİM, YAYIN, DAĞITIM ve TELİF BİLDİRİMİ
Yayın yeri Bayburt :
Yayınlayan Bayburt Üniversitesi
Yayın tarihi 2016
300 ## - FİZİKSEL TANIMLAMA
Sayfa, Cilt vb. 592 sayfa :
Diğer fiziki detaylar şekil; 21 cm.
336 ## - İÇERİK TÜRÜ
Content type term metin
Content type code txt
Source rdacontent
337 ## - MEDYA TÜRÜ
Media type term aracısız
Media type code n
Source rdamedia
338 ## - TAŞIYICI TÜRÜ
Carrier type term cilt
Carrier type code nc
Source rdacarrier
490 1# - DİZİ BİLDİRİMİ
Dizi Bildirimi Bayburt Üniversitesi Yayınları Yayın No ;
Cilt Numarası 18.
500 ## - GENEL NOT
Genel Not Bibliyografik bilgi içerir.
500 ## - GENEL NOT
Genel Not Prof. Dr. Seyfi Kenan Üniversites'nin kısa hikayesi - Prof. Dr. Hasan Çiçek Üniversite: hikakat arayışının mekanı - Yrd. Doç. Dr. Mahmut Dündar İslam medeniyetinde bir üniversite teşekkülü olarak Nizamiye Medreseleri - Prof. Dr. İlyas Öztürk, Arş. Gör. Sibel Okuyan İslam kültürünün batıya taşınması ve batı üniversitelerinin yapılanmasına katkısı - Doç. Dr. Mustafa Gündüz Enderun Mektebi, Osmanlı'da "üstün yeteneklilerin eğiitmi" ve modern yükseköğretime miras...
650 #0 - KONU BAŞLIĞI EK GİRİŞ - KONU TERİMİ
Konusal terim veya coğrafi ad Education, Higher.
9 (RLIN) 46536
650 #0 - KONU BAŞLIĞI EK GİRİŞ - KONU TERİMİ
Konusal terim veya coğrafi ad Eğitim, Yüksek.
9 (RLIN) 46538
650 #0 - KONU BAŞLIĞI EK GİRİŞ - KONU TERİMİ
Konusal terim veya coğrafi ad Education, Higher--Turkey.
9 (RLIN) 18682
650 #0 - KONU BAŞLIĞI EK GİRİŞ - KONU TERİMİ
Konusal terim veya coğrafi ad Eğitim, Yüksek--Türkiye.
9 (RLIN) 33190
830 1# - SERİ EK GİRİŞİ - TEKBİÇİM ESER ADI
Tekbiçim Başlık Bayburt Üniversitesi Yayınları Yayın No ;
Volume number/sequential designation 18.
9 (RLIN) 111187
942 ## - EK GİRİŞ ÖGELERİ (KOHA)
Source of classification or shelving scheme Library of Congress Classification
Koha item type Book
Holdings
Materyal Türü Kalıcı Konum Mevcut Konum Raf Yeri Sınıflandırma Kaynağı Edinim Bilgisi Ana Konular Alt Konular Yer Numarası Demirbaş Numarası Fatura Tarihi Geri Çekilme Durumu Kayıp Durumu Hasarlı Durumu Kredi için değil Kayıt Tarih Toplam Ödünçverme Son Görülme Tarihi Son Kontrol Tarihi Genel / Bağış Notu
Book Prof. Dr. Azmi Özcan Kütüphanesi Prof. Dr. Azmi Özcan Kütüphanesi Uluğbey Salonu Library of Congress Classification Bağış EĞİTİM Eğitim Teorisi ve Uygulaması LB2325 .D86 2017 0060123 02/02/2026         11/04/2017 1 05/12/2024 05/12/2024 Genel Bağış